| 000 | 00423 a2200169 4500 | ||
|---|---|---|---|
| 020 | _a9780071070638 | ||
| 022 | _a9780071070638 | ||
| 082 | _a175 | ||
| 090 |
_c6437 _d6437 |
||
| 100 | _aPatterson,Philip. | ||
| 245 |
_aMedia Ethics _bIssues and Cases. _cPhilip Patterson. |
||
| 250 | _a6th. | ||
| 260 |
_aNew Delhi. _bTata McGraw Hill. _c2010. |
||
| 300 | _a366p. | ||
| 500 | _aPaper cover. | ||
| 942 |
_aNBS _cBK _k175 PAT |
||
| 999 |
_c348800 _d348800 |
||